Statistics for Groups of Things - Age of Empires 2

Click here to take the quiz!

General Stats

  • This quiz has been taken 318 times
  • The average score is 89 of 263

Answer Stats

Civilizations% Correct
CivilizationAztecs
88%
CivilizationFranks
87%
CivilizationVikings
87%
CivilizationJapanese
85%
CivilizationChinese
84%
CivilizationMayans
82%
CivilizationSpanish
82%
CivilizationTeutons
82%
CivilizationBritons
81%
CivilizationTurks
81%
Archery Range UnitArcher
78%
CivilizationCelts
78%
CivilizationMongols
77%
CivilizationByzantines
76%
CivilizationItalians
76%
CivilizationKoreans
76%
CivilizationGoths
75%
Monastery UnitMonk
75%
CivilizationPersians
73%
CivilizationHuns
72%
Unique Unit(Elite) Longbowman
71%
Barracks UnitMilitia
71%
Stable UnitPaladin
71%
Castle UnitTrebuchet
71%
Barracks UnitChampion
70%
Barracks UnitPikeman
70%
Stable UnitKnight
69%
Barracks UnitMan-at-Arms
68%
CivilizationSaracens
68%
CivilizationIncas
66%
CivilizationIndians
66%
CivilizationPortuguese
66%
Archery Range UnitCrossbowman
65%
Archery Range Unit(Elite) Skirmisher
65%
Barracks UnitSpearman
65%
Town Center UnitVillager
65%
Archery Range UnitArbalest
63%
Unique Unit(Elite) Jaguar Warrior
63%
Stable UnitCamel
62%
CivilizationEthiopians
62%
Dock UnitGalley
62%
Siege Workshop UnitScorpion
62%
Stable UnitCavalier
61%
Barracks Unit(Elite) Eagle Warrior
61%
Dock UnitFishing Ship
61%
CivilizationVietnamese
61%
Unique Unit(Elite) Teutonic Knight
60%
Dock UnitGalleon
60%
Unique Unit(Elite) War Elephant
59%
Siege Workshop UnitOnager
59%
Market UnitTrade Cart
59%
Archery Range UnitCavalry Archer
58%
Stable UnitHussar
58%
Castle UnitPetard
58%
Unique Unit(Elite) Samurai
57%
CivilizationMalians
56%
Siege Workshop UnitMangonel
56%
Siege Workshop UnitSiege Ram
56%
Unique Unit(Elite) Cataphract
55%
Dock UnitFire Ship
55%
Stable UnitLight Cavalry
55%
CivilizationSlavs
55%
Unique Unit(Elite) Berserk
54%
CivilizationMalay
54%
Barracks UnitTwo-Handed Swordsman
54%
Siege Workshop UnitBattering Ram
53%
Unique Unit(Elite) Conquistador
53%
Barracks UnitLong Swordsman
53%
CivilizationMagyars
53%
Siege Workshop UnitSiege Onager
53%
Unique Unit(Elite) Woad Raider
52%
Unique Unit(Elite) Chu Ko Nu
51%
Unique Unit(Elite) Throwing Axeman
51%
CivilizationBerbers
50%
Unique Unit(Elite) Mangudai
50%
Unique Unit(Elite) Plumed Archer
50%
Siege Workshop UnitHeavy Scorpion
50%
Stable UnitScout Cavalry
50%
Archery Range TechnologyThumb Ring
50%
Unique Unit(Elite) War Wagon
49%
CivilizationBurmese
48%
Unique Unit(Elite) Janissary
48%
Siege Workshop UnitBombard Cannon
47%
Siege Workshop UnitCapped Ram
47%
Dock UnitWar Galley
47%
Unique Unit(Elite) Huskarl
46%
University TechnologyChemistry
45%
Barracks UnitHalberdier
45%
Stable UnitHeavy Camel
45%
CivilizationKhmer
45%
Town Center TechnologyLoom
45%
Unique Unit(Elite) Tarkan
44%
Archery Range UnitHand Cannoneer
44%
Unique Unit(Elite) Turtle Ship
43%
Dock UnitFast Fire Ship
42%
Dock UnitTransport Ship
42%
Dock UnitDemolition Ship
41%
Stable TechnologyHusbandry
41%
Stable TechnologyBloodlines
40%
Dock Unit(Elite) Cannon Galleon
40%
Unique Unit(Elite) Longboat
40%
Archery Range UnitHeavy Cavalry Archer
40%
Town Center TechnologyTown Watch
40%
Unique Unit(Elite) Mameluke
39%
Castle TechnologySpies/Treason
39%
Mill TechnologyCrop Rotation
38%
University TechnologyBallistics
37%
Unique Unit(Elite) Organ Gun
34%
Blacksmith TechnologyFletching
34%
Unique UnitMissionary
34%
Dock UnitTrade Cog
34%
Market TechnologyCartography
33%
Unique Unit(Elite) Elephant Archer
33%
Monastery TechnologyHeresy
33%
Archery Range TechnologyParthian Tactics
33%
Siege Workshop UnitSiege Tower
33%
Town Center TechnologyWheelbarrow
33%
Barracks UnitEagle Scout
32%
Unique Unit(Elite) Magyar Huszar
32%
Dock UnitHeavy Demolition Ship
32%
University TechnologyMasonry
32%
Barracks TechnologyTracking
32%
University TechnologyBombard Tower
30%
University TechnologyMurder Holes
30%
University TechnologyArchitecture
29%
Stable Unit(Elite) Battle Elephant
29%
Monastery TechnologyFaith
29%
Mining Camp TechnologyGold Shaft Mining
29%
Barracks TechnologyArson
28%
Unique Unit(Elite) Boyar
28%
Unique Unit(Elite) Camel Archer
28%
University TechnologyKeep
28%
Lumber Camp TechnologyTwo-Man Saw
28%
Mining Camp TechnologyGold Mining
27%
Unique UnitImperial Camel
27%
Mining Camp TechnologyStone Shaft Mining
27%
Blacksmith TechnologyBodkin Arrow
26%
Town Center TechnologyCastle Age
26%
Market TechnologyCoinage
26%
Town Center TechnologyFeudal Age
26%
Town Center TechnologyHand Cart
26%
Town Center TechnologyImperial Age
26%
Barracks TechnologySquires
26%
Mining Camp TechnologyStone Mining
26%
Blacksmith TechnologyBracer
25%
Monastery TechnologyRedemption
25%
Lumber Camp TechnologyBow Saw
24%
Unique Unit(Elite) Ballista Elephant
24%
Unique Unit(Elite) Gbeto
24%
Blacksmith TechnologyForging
24%
Blacksmith TechnologyBlast Furnace
23%
Unique Unit(Elite) Rattan Archer
23%
University TechnologyGuard Tower
23%
Castle TechnologyHoardings
23%
Mill TechnologyHorse Collar
23%
Castle TechnologyConscription
22%
Lumber Camp TechnologyDouble-Bit Axe
22%
Unique Unit(Elite) Karambit Warrior
22%
Monastery TechnologyFervor
22%
Dock UnitFire Galley
22%
Monastery TechnologyHerbal Medicine
22%
Dock TechnologyShipwright
22%
Monastery TechnologyBlock Printing
21%
Unique Unit(Elite) Genoese Crossbowman
21%
Market TechnologyGuilds
21%
Mill TechnologyHeavy Plow
21%
Unique UnitImperial Skirmisher
21%
University TechnologySiege Engineers
21%
Unique TechnologyAtheism
20%
Dock TechnologyDry Dock
20%
Unique Unit(Elite) Kamayuk
20%
Unique Unit(Elite) Shotel Warrior
20%
University TechnologyHeated Shot
20%
Unique Unit(Elite) Arambai
19%
Unique UnitCondottiero
18%
University TechnologyFortified Wall
18%
Monastery TechnologyIllumination
18%
Castle TechnologySappers
18%
Town Center TechnologyTown Patrol
18%
Market TechnologyBanking
17%
Market TechnologyCaravan
17%
Dock TechnologyGillnets
17%
Unique UnitSlinger
17%
Blacksmith TechnologyPlate Barding Armor
16%
Unique Unit(Elite) Caravel
15%
Unique Unit(Elite) Genitour
15%
Blacksmith TechnologyIron Casting
15%
University TechnologyTreadmill Crane
15%
Unique TechnologyYeomen
15%
Blacksmith TechnologyChain Mail Armor
14%
Dock UnitDemolition Raft
14%
Dock TechnologyCareening
13%
Unique TechnologyDrill
13%
Blacksmith TechnologyPlate Mail Armor
13%
Blacksmith TechnologyScale Mail Armor
13%
Blacksmith TechnologyChain Barding Armor
12%
Blacksmith TechnologyPadded Archer Armor
12%
Monastery TechnologySanctity
12%
Unique TechnologySupremacy
12%
University TechnologyArrowslits
11%
Unique TechnologyFuror Celtica
11%
Unique TechnologyNomads
11%
Blacksmith TechnologyRing Archer Armor
11%
Blacksmith TechnologyScale Barding Armor
11%
Unique TechnologyAnarchy
10%
Unique TechnologyAtlatl
10%
Monastery TechnologyAtonement
10%
Unique TechnologyBearded Axe
10%
Unique TechnologyBerserkergang
10%
Unique TechnologyKataparuto
10%
Blacksmith TechnologyLeather Archer Armor
10%
Unique TechnologyPaper Money
10%
Unique TechnologyWarwolf
10%
Unique TechnologyChivalry
9%
Unique TechnologyKasbah
9%
Unique TechnologyLogistica
9%
Unique TechnologySilk Road
9%
Unique TechnologySultans
9%
Unique TechnologyYasama
9%
Unique TechnologyArquebus
8%
Unique TechnologyArtillery
8%
Unique TechnologyCrenellations
8%
Unique TechnologyDruzhina
8%
Unique TechnologyEl Dorado
8%
Unique TechnologyFarimba
8%
Unique TechnologyGarland Wars
8%
Unique TechnologyGreek Fire
8%
Unique TechnologyMercenaries
8%
Unique TechnologyPerfusion
8%
Unique TechnologyStronghold
8%
Monastery TechnologyTheocracy
8%
Unique TechnologyGreat Wall
7%
Unique TechnologyInquisition
7%
Unique TechnologyRocketry
7%
Unique TechnologyBoiling Oil
6%
Unique TechnologyChatras
6%
Unique TechnologyIronclad
6%
Unique TechnologyMahouts
6%
Unique TechnologyPavise
6%
Unique TechnologyRecurve Bow
6%
Unique TechnologyRoyal Heirs
6%
Unique TechnologyTorsion Engines
6%
Unique TechnologyZealotry
6%
Unique TechnologyCarrack
5%
Unique TechnologyMarauders
5%
Unique TechnologyObsidian Arrows
5%
Unique TechnologyOrthodoxy
5%
Unique TechnologyAndean Sling
4%
Unique TechnologyChieftains
4%
Unique TechnologyCouriers
4%
Unique TechnologyMaghrabi Camels
4%
Unique TechnologyTigui
4%
Unique TechnologyDouble Crossbow
3%
Unique TechnologyForced Levy
3%
Unique TechnologyHowdah
3%
Unique TechnologyMadrasah
3%
Unique TechnologyManipur Cavalry
3%
Unique TechnologyPanokseon
3%
Unique TechnologyShatagni
3%
Unique TechnologyShinkichon
3%
Unique TechnologySipahi
3%
Unique TechnologyThalassocracy
3%
Unique TechnologyTusk Swords
3%

Score Distribution

Percentile by Number Answered

Percent of People with Each Score

Your Score History

You have not taken this quiz